000 01012nam a22002297a 4500
005 20140910101713.0
010 _aENG-109722
020 _a9789351430834
_c1295.00
035 _aEN-93255
035 _aB-536588-604
037 _bDBAD/PUB
037 _bKBD/Ven
_adpl
100 _aRashid, M. A
245 0 0 _aThe ultimate guide to the judicial services examination for all states :
_cby M. A Rashid
_bbest choice for AIBE, UGC-NET and APP exams /
250 _a2nd ed.
260 _aGurgaon
_bLexis Nexis
_c2014
270 _a14th Floor, Building No 10, Tower-B, DLF Cyber City Phase-II
_bGurgaon
_e122002
300 _ax,1814p.
_c24cm(pbk)
500 _a
942 _2ddc
_cEN
_mRAS
_h340
999 _c83552
_d83552